The decoration of the tomb of Per-nēb : the technique and the color conventions /

محفوظ في:

المؤلف الرئيسي: Williams, Caroline Ransom (مؤلف)

مؤلف مشترك: Metropolitan Museum of Art (New York, N.Y.)

التنسيق: كتاب

اللغة: English

منشور في: New York : Coachwhip publications, 2012.

سلاسل: The Metropolitan Museum of Art. Department of Egyptian Art. [Publications] ; 3.

الموضوعات:

الوسوم: إضافة وسم

لا توجد وسوم, كن أول من يضع وسما على هذه التسجيلة!

رقم الطلب: DT62 .T6 W65 2012

LEADER 00998namaa2200277 4500
001 24110
003 OSt
005 20250629091550.0
008 130303s2012 nyuf 000 0 eng d
020 |a 9781616461225 
040 |c ARCE Library 
043 |a f-ua--- 
050 4 |a DT62 .T6 W65 2012 
100 1 |a Williams, Caroline Ransom,  |e author 
245 1 4 |a The decoration of the tomb of Per-nēb :   |b the technique and the color conventions /   |c by Caroline Ransom Williams, PH. D. 
264 1 |a New York :   |b Coachwhip publications,   |c 2012. 
300 |a ix, 99 p., XX pl. (part col.; incl. front.) ;   |c 28 cm. 
490 0 |a The Metropolitan Museum of Art. Department of Egyptian Art. [Publications] ;   |v 3. 
650 0 |a Art, Egyptian. 
650 0 |a Decoration and ornament  |z Egypt. 
650 0 |a Mural painting and decoration. 
710 2 |a Metropolitan Museum of Art (New York, N.Y.) 
740 0 |a Per-nēb, Decoration of the tomb of. 
901 |a reviewed 
942 |c BK  |2 lcc 
999 |c 21011  |d 21011